Countries with a Monarchy - Statistics

General Stats
  • This quiz has been taken 409 times
    374 since last reset
  • The average score is 28 of 44
Answer Stats
Answer % Correct
UK
95%
Sweden
89%
Norway
87%
Denmark
86%
Spain
86%
Saudi Arabia
82%
Netherlands
80%
Belgium
79%
Japan
78%
Luxembourg
76%
Monaco
73%
Liechtenstein
72%
Qatar
72%
Thailand
72%
Oman
71%
UAE
71%
Bahrain
69%
Andorra
67%
Canada
67%
Australia
66%
Vatican City
66%
New Zealand
64%
Brunei
63%
Jordan
63%
Kuwait
63%
Bhutan
61%
Malaysia
61%
Morocco
61%
Lesotho
59%
Eswatini
57%
Cambodia
53%
Tonga
51%
Bahamas
47%
Jamaica
47%
Saint Kitts and Nevis
46%
Saint Vincent and the Grenadines
46%
Barbados
45%
Saint Lucia
45%
Tuvalu
44%
Antigua And Barbuda
43%
Grenada
41%
Papua New Guinea
40%
Belize
38%
Solomon Islands
37%
No matching quizzes found
Score Distribution
Percent of People with Each Score
Percentile by Number Answered
Your Score History
You have not taken this quiz since the last reset